书目信息 |
| 题名: |
瓜雕
|
|
| 作者: | 王慧良 编 | |
| 分册: | ||
| 出版信息: | 上海 上海科学普及出版社 1997 |
|
| 页数: | 93页 | |
| 开本: | 17×18cm | |
| 丛书名: | ||
| 单 册: | ||
| 中图分类: | TS972.1 , J329 | |
| 科图分类: | ||
| 主题词: | 瓜类蔬菜--装饰雕塑--中国--现代 | |
| 电子资源: | ||
| ISBN: | 7-5427-1184-9 | |
| 000 | 00676nam0 2200253 450 | |
| 001 | 0100585547 | |
| 005 | 20101215103128.0 | |
| 010 | @a7-5427-1184-9@dCNY12.00 | |
| 011 | @a7-5427-1184-9 | |
| 100 | @a20021005d1997 em y0chiy0110 ea | |
| 101 | 0 | @achi |
| 102 | @aCN@b310000 | |
| 105 | @aa z 000yy | |
| 106 | @ar | |
| 200 | 1 | @a瓜雕@9Gua Diao @f王慧良等编@b专著 |
| 210 | @a上海@c上海科学普及出版社@d1997 | |
| 215 | @a93页@d17×18cm | |
| 606 | 0 | @a瓜类蔬菜@x装饰雕塑@y中国@z现代 |
| 610 | 0 | @a食雕 |
| 690 | @aTS972.1@v3 | |
| 690 | @aJ329@v3 | |
| 701 | 0 | @a王慧良@9wang hui liang@4编 |
| 801 | 0 | @aCN@bAiZhiMarc@c19970814 |
| 905 | @aBZT@dTS972.1@e384@f1@sTS972.1/384 | |
| 瓜雕/王慧良等编.-上海:上海科学普及出版社,1997 |
| 93页;17×18cm |
| ISBN 7-5427-1184-9:CNY12.00 |
| ● |
| 相关链接 |
|
|
|
正题名:瓜雕
索取号:TS972.1/384
 
预约/预借
| 序号 | 登录号 | 条形码 | 馆藏地/架位号 | 状态 | 备注 |
| 1 | 2000142544 | 2000142544 | 旧书回溯/ [索取号:TS972.1/384] | 在馆 |